Ecstasy : 21st century entheogen.

Saved in:
Bibliographic Details
Corporate Author: Julio Mario Santo Domingo Collection.
Format: Book
Language:English
Published: Marin County, California : [LAB?], 1970?
Subjects:
Tags: Add Tag
No Tags, Be the first to tag this record!
LEADER 01026nam a2200277Ki 4500
001 015045331-0
005 20170619150839.0
008 170619s197u cau 000 0 eng d
035 0 |a ocn990281039 
040 |a HLS  |b eng  |c HLS  |e rda 
245 0 0 |a Ecstasy :  |b 21st century entheogen. 
264 1 |a Marin County, California :  |b [LAB?],  |c 1970? 
300 |a 28 pages ;  |c 22 cm 
336 |a text  |b txt  |2 rdacontent 
337 |a unmediated  |b n  |2 rdamedia 
338 |a volume  |b nc  |2 rdacarrier 
500 |a A booklet produced by the laboratory in California that produced ecstasy during the 1970s. Contains information about history, usage, and a question and answer section about topics related to ecstasy. 
650 0 |a Ecstasy (Drug)  |y 20th century  |z California. 
650 0 |a Ecstasy (Drug)  |x History. 
650 0 |a Esstasy (Drug)  |x Therapeutic use. 
650 0 |a Ecstasy (Drug)  |x Social aspects. 
710 2 |a Julio Mario Santo Domingo Collection.  |5 wid 
899 |a GIFT_415_SANTOD 
988 |a 20170619 
049 |a HLSS 
906 |0 MH